[Event "28th Czech Open A 2017"]
[Site "Pardubice CZE"]
[Date "2017.07.26"]
[Round "6.8"]
[White "Abergel, Thal"]
[Black "Demidov, Mikhail"]
[Result "0-1"]
[WhiteTitle "GM"]
[BlackTitle "IM"]
[WhiteElo "2464"]
[BlackElo "2524"]
[WhiteFideId "614890"]
[BlackFideId "4197143"]
[EventDate "2017.07.21"]

1. e4 e6 2. d4 d5 3. Nc3 Nc6 4. Nf3 Nf6 5. e5 Ne4 6. Ne2 f6 7. Ng3 f5 8. Ne2 Be7
9. h4 O-O 10. Nf4 Qe8 11. Bd3 Na5 12. c3 c5 13. Be3 Nc6 14. dxc5 Bxc5 15. Bxc5
Nxc5 16. O-O Qe7 17. c4 d4 18. a3 a5 19. b3 Rd8 20. Qc2 b6 21. Rfe1 h6 22. h5
Bb7 23. Rab1 Rd7 24. Ng6 Qe8 25. b4 axb4 26. axb4 Nxd3 27. Qxd3 Ne7 28. Nf4 Qf7
29. Ra1 Rad8 30. Nh4 Be4 31. Qd2 d3 32. f3 Bb7 33. b5 Rd4 34. Ra7 R8d7 35. Ra4
Rxf4 36. Qxf4 Qxh5 37. Qh2 g5 38. Ra3 gxh4 39. Rd1 Qg5 40. f4 Qg4 41. Rdxd3 Rxd3
42. Rxd3 Qe2 43. Qh3 Qe1+ 44. Kh2 Qf2 45. Rd7 Qxf4+ 46. Kh1 Qf1+ 47. Kh2 Ng6 48.
Rxb7 Nxe5 49. Qxh4 Ng4+ 50. Kh3 Qh1+ 51. Kg3 Qe1+ 52. Kh3 Nf2+ 0-1

[Event "28th Czech Open A 2017"]
[Site "Pardubice CZE"]
[Date "2017.07.26"]
[Round "6.9"]
[White "Geller, Jakov"]
[Black "Matviishen, Viktor"]
[Result "1/2-1/2"]
[WhiteTitle "GM"]
[BlackTitle "FM"]
[WhiteElo "2519"]
[BlackElo "2404"]
[WhiteFideId "4151984"]
[BlackFideId "14129850"]
[EventDate "2017.07.21"]

1. e4 e5 2. Nf3 Nc6 3. Bc4 Bc5 4. O-O Nf6 5. d3 d6 6. c3 a6 7. Bb3 Ba7 8. h3 h6
9. Re1 O-O 10. Nbd2 Nh5 11. Nf1 Qf6 12. Be3 Bxe3 13. Nxe3 Nf4 14. Nd5 Nxd5 15.
Bxd5 Ne7 16. Bb3 Ng6 17. Kh2 Nf4 18. Ng1 Be6 19. Re3 d5 20. g3 Ng6 21. Qf3 Qxf3
22. Nxf3 Rad8 23. exd5 Bxd5 24. h4 f5 25. Nxe5 Nxe5 26. Rxe5 Bxb3 27. axb3 Rxd3
28. Rae1 Rd2 1/2-1/2

[Event "28th Czech Open A 2017"]
[Site "Pardubice CZE"]
[Date "2017.07.26"]
[Round "6.10"]
[White "Spalir, Jernej"]
[Black "Krejci, Jan2"]
[Result "0-1"]
[WhiteTitle "FM"]
[BlackTitle "GM"]
[WhiteElo "2342"]
[BlackElo "2519"]
[WhiteFideId "14606518"]
[BlackFideId "322156"]
[EventDate "2017.07.21"]

1. d4 Nf6 2. c4 e6 3. Nf3 d5 4. Nc3 Bb4 5. cxd5 exd5 6. Bg5 h6 7. Bh4 g5 8. Qa4+
Nc6 9. Bg3 Ne4 10. Rc1 Bd7 11. Qb3 Qe7 12. e3 O-O-O 13. Bd3 h5 14. Qxd5 Be6 15.
Qb5 Rd5 16. Qa4 Ra5 17. Qd1 Nxc3 18. bxc3 Ba3 19. h4 Bxc1 20. Qxc1 g4 21. Ng5
Bd5 22. Qb1 f6 23. Ne4 Re8 24. Nc5 Rxc5 25. dxc5 Bxg2 26. Rg1 Bf3 27. Kd2 Rd8
28. Kc1 Qxc5 29. Kb2 Ne5 30. Bf5+ Kb8 31. Rc1 Nc4+ 32. Ka1 a5 33. Be6 Nd2 34.
Qb2 Ne4 35. c4 Rd2 36. Qb5 Qa3 0-1

[Event "28th Czech Open A 2017"]
[Site "Pardubice CZE"]
[Date "2017.07.26"]
[Round "6.11"]
[White "Schlosser, Philipp"]
[Black "Das, Sayantan"]
[Result "0-1"]
[WhiteTitle "GM"]
[BlackTitle "IM"]
[WhiteElo "2516"]
[BlackElo "2399"]
[WhiteFideId "4600169"]
[BlackFideId "5034426"]
[EventDate "2017.07.21"]

1. Nf3 Nf6 2. c4 g6 3. Nc3 Bg7 4. e4 d6 5. d4 O-O 6. h3 e5 7. d5 Nh5 8. g3 a5 9.
Be3 Na6 10. Nd2 Nf6 11. g4 Nd7 12. a3 a4 13. Nxa4 f5 14. gxf5 gxf5 15. exf5 Ndc5
16. Nxc5 Nxc5 17. b4 Na4 18. Qb3 Bxf5 19. Rc1 e4 20. Rg1 Qf6 21. c5 Nb2 22. Qc3
Qxc3 23. Rxc3 Bg6 24. Rb3 Nd3+ 25. Bxd3 exd3 26. cxd6 cxd6 27. Nc4 Rfc8 28. Rg4
Rc7 29. Kd2 Kh8 30. Nxd6 Rd8 31. Rxg6 hxg6 32. Bb6 Rc2+ 33. Kxd3 Rxd6 34. Kxc2
Rxb6 35. Rd3 Be5 36. Re3 Bd4 37. Re7 Bxf2 38. Kb3 Bg3 39. Kc4 Bd6 40. Re6 Kg7
41. b5 Kf7 42. a4 Bc7 43. Re4 Rf6 44. Rh4 Kg7 45. Re4 Kf8 46. Rh4 b6 0-1

[Event "28th Czech Open A 2017"]
[Site "Pardubice CZE"]
[Date "2017.07.26"]
[Round "6.12"]
[White "Gutman, Gennadi"]
[Black "Piscopo, Pierluigi"]
[Result "1/2-1/2"]
[WhiteTitle "GM"]
[BlackTitle "IM"]
[WhiteElo "2480"]
[BlackElo "2396"]
[WhiteFideId "14102277"]
[BlackFideId "809152"]
[EventDate "2017.07.21"]

1. d4 Nf6 2. Nf3 c5 3. d5 e6 4. c4 d6 5. Nc3 exd5 6. cxd5 g6 7. e4 Bg7 8. h3 O-O
9. Bd3 Re8 10. O-O Nbd7 11. Bf4 c4 12. Bc2 Nc5 13. Re1 b5 14. e5 dxe5 15. Bxe5
b4 16. Na4 Ncd7 1/2-1/2

[Event "28th Czech Open A 2017"]
[Site "Pardubice CZE"]
[Date "2017.07.26"]
[Round "6.13"]
[White "Puranik, Abhimanyu"]
[Black "Nasanjargal, Urtnasan"]
[Result "1/2-1/2"]
[WhiteTitle "IM"]
[BlackTitle "FM"]
[WhiteElo "2479"]
[BlackElo "2381"]
[WhiteFideId "5061245"]
[BlackFideId "4900774"]
[EventDate "2017.07.21"]

1. e4 c5 2. Nf3 e6 3. d4 cxd4 4. Nxd4 Nf6 5. Nc3 Nc6 6. Ndb5 Bb4 7. a3 Bxc3+ 8.
Nxc3 d5 9. exd5 exd5 10. Bd3 d4 11. Qe2+ Be6 12. Ne4 Nxe4 13. Qxe4 Qd5 14. Bf4
Rd8 15. Qxd5 Bxd5 16. f3 f6 17. Kd2 Kf7 18. Rae1 g5 19. Bc7 Rc8 20. Bg3 h5 21.
Bf5 Rcg8 22. Bd6 g4 23. fxg4 hxg4 24. Rhf1 Rg5 25. Re2 Kg7 26. Bd3 Ne5 27. Be7
Rh6 28. Ref2 Nd7 29. Bd6 Ne5 30. Be7 Nd7 31. h4 gxh3 32. gxh3 Kf7 33. Bd8 Rg8
34. Bc7 Rg2 35. Rxg2 Bxg2 36. Bc4+ Ke7 37. Re1+ Ne5 38. Bxe5 fxe5 39. Rxe5+ Kd6
40. Rg5 Bxh3 41. Rd5+ Kc6 42. Rxd4 Rd6 43. Kc3 Rxd4 44. Kxd4 b5 45. Bd5+ Kb6 46.
b3 Bg4 47. Be4 Bd1 48. Bd5 1/2-1/2

[Event "28th Czech Open A 2017"]
[Site "Pardubice CZE"]
[Date "2017.07.26"]
[Round "6.14"]
[White "Rahul, Srivatshav P"]
[Black "Vogel, Roven"]
[Result "0-1"]
[BlackTitle "IM"]
[WhiteElo "2295"]
[BlackElo "2475"]
[WhiteFideId "25059653"]
[BlackFideId "12908088"]
[EventDate "2017.07.21"]

1. d4 Nf6 2. c4 g6 3. Nc3 Bg7 4. e4 d6 5. Be2 O-O 6. Nf3 Nbd7 7. O-O e5 8. Be3
c6 9. h3 exd4 10. Nxd4 Re8 11. Qc2 Qe7 12. f3 Nh5 13. f4 Ng3 14. Rfe1 Nxe4 15.
Bf3 Nxc3 16. Bf2 Qd8 17. Rxe8+ Qxe8 18. Re1 Qd8 19. bxc3 Nc5 20. Qe2 Bd7 21. f5
Qa5 22. Qd2 Qa4 23. fxg6 hxg6 24. Nb5 cxb5 25. Bxc5 Qxc4 26. Qxd6 Bc6 27. Bd4
Bxd4+ 28. cxd4 Bxf3 29. gxf3 Qxa2 30. Qd7 Qd2 31. Re4 Qc1+ 32. Kg2 Qc6 33. Qe7
b4 34. Qxb4 a5 35. Qe7 a4 36. Qe5 Qe6 37. Qb5 Qc8 38. d5 a3 39. d6 a2 40. d7 Qf8 0-1

[Event "28th Czech Open A 2017"]
[Site "Pardubice CZE"]
[Date "2017.07.26"]
[Round "6.15"]
[White "Haba, Petr"]
[Black "Laznicka, Viktor"]
[Result "0-1"]
[WhiteTitle "GM"]
[BlackTitle "GM"]
[WhiteElo "2432"]
[BlackElo "2669"]
[WhiteFideId "300160"]
[BlackFideId "316385"]
[EventDate "2017.07.21"]

1. e4 d5 2. exd5 Qxd5 3. Nc3 Qa5 4. d4 Nf6 5. Nf3 Bf5 6. Ne5 c6 7. Bc4 e6 8. g4
Bg6 9. h4 Nbd7 10. Nxd7 Nxd7 11. h5 Be4 12. O-O Bd5 13. Nxd5 cxd5 14. Bd3 Bd6
15. a4 Qd8 16. Kg2 Qe7 17. a5 a6 18. c3 g6 19. h6 f5 20. f4 fxg4 21. Qxg4 Nf6
22. Qg5 Rf8 23. Bd2 Nh5 24. Rae1 Nxf4+ 25. Bxf4 Rxf4 26. Qxe7+ Kxe7 27. Rxf4
Bxf4 28. c4 Kf6 29. Rf1 Kg5 30. Re1 dxc4 31. Bxc4 Rd8 32. Rxe6 Rxd4 33. b3 Rd7
34. Kf3 Bd6 35. Re4 Kxh6 36. Rd4 Kg5 37. b4 h5 38. b5 axb5 39. Bxb5 Rf7+ 40. Kg2
Bc7 41. a6 bxa6 42. Bxa6 Rf6 43. Bc8 Bf4 44. Bd7 Rb6 45. Re4 Rd6 46. Bc8 Rd2+
47. Kf1 Rd8 48. Rc4 Rf8 49. Kg2 Kh4 50. Rc3 Rd8 51. Rh3+ Kg5 52. Rc3 Be5 53. Rc6
Kf4 54. Rc4+ Ke3 55. Rc2 g5 56. Be6 g4 57. Ra2 Rd4 58. Ra5 Kf4 59. Rc5 Rd2+ 60.
Kf1 h4 61. Ke1 Rd6 62. Bxg4 Bd4 0-1

[Event "28th Czech Open A 2017"]
[Site "Pardubice CZE"]
[Date "2017.07.26"]
[Round "6.16"]
[White "Bryzgalin, Kirill"]
[Black "Vorobiov, Evgeny E."]
[Result "1/2-1/2"]
[WhiteTitle "GM"]
[BlackTitle "GM"]
[WhiteElo "2424"]
[BlackElo "2585"]
[WhiteFideId "4133285"]
[BlackFideId "4121341"]
[EventDate "2017.07.21"]

1. Nf3 c5 2. c4 g6 3. d4 cxd4 4. Nxd4 Nc6 5. e4 d6 6. Nc3 Bg7 7. Be3 Qb6 8. Nb3
Bxc3+ 9. bxc3 Qc7 10. c5 dxc5 11. Bxc5 Nf6 12. f3 O-O 13. Be2 Be6 14. O-O Rfd8
15. Qc2 b6 16. Bf2 Ne5 17. c4 Nh5 18. Rfc1 Nf4 19. Bg3 g5 20. Bxf4 gxf4 21. c5
Rac8 22. Ba6 Rb8 23. cxb6 Qxb6+ 24. Qc5 Nxf3+ 25. gxf3 Qxa6 26. Kh1 Qd6 27. Qxa7
Bxb3 28. axb3 Rxb3 29. Qf2 Kh8 30. Rg1 Qe5 31. Qg2 Qc3 32. Rad1 Rbb8 33. Rc1 Qf6
34. Qg5 Qxg5 35. Rxg5 f6 36. Rf5 Rb2 37. Rxf4 Kg7 38. Rg1+ Kf7 39. Rh4 Rf2 40.
f4 h5 41. Re1 Rg8 42. f5 Rg5 43. Rg1 Re2 44. Rxg5 fxg5 45. Rxh5 g4 46. Rh6 Rxe4
47. Kg2 1/2-1/2

[Event "28th Czech Open A 2017"]
[Site "Pardubice CZE"]
[Date "2017.07.26"]
[Round "6.17"]
[White "Kozak, Adam"]
[Black "Chigaev, Maksim"]
[Result "1/2-1/2"]
[WhiteTitle "IM"]
[BlackTitle "GM"]
[WhiteElo "2414"]
[BlackElo "2578"]
[WhiteFideId "753246"]
[BlackFideId "4108116"]
[EventDate "2017.07.21"]

1. Nf3 Nf6 2. c4 g6 3. Nc3 Bg7 4. e4 d6 5. d4 O-O 6. Be2 c6 7. O-O e5 8. Be3 Na6
9. Re1 Qe7 10. c5 dxc5 11. dxe5 Ng4 12. Bxa6 Nxe3 13. Rxe3 bxa6 14. Qd6 Qb7 15.
Qxc5 Bg4 16. Na4 Bxf3 17. Rxf3 Rfe8 18. Rd1 Qb5 19. Qc2 Qxe5 20. Re3 Rad8 21. g3
Qb5 22. Rxd8 Rxd8 23. Kg2 h5 24. h4 a5 25. b3 Rd6 26. Nb2 Bxb2 27. Qxb2 a4 28.
Qc2 axb3 29. Rxb3 Qe5 30. Rc3 Qe6 31. Rc5 Qd7 32. e5 Rd2 33. Qe4 Qe6 34. Rxc6
Qxa2 35. Qf3 Qd5 36. Rc8+ Kg7 37. Rc7 Qxf3+ 38. Kxf3 Rd5 39. Ke4 Rd2 40. Kf3 Rd5
41. Ke4 Rd2 42. Ke3 Rd5 43. f4 a5 44. e6 Rd6 45. Rxf7+ Kg8 46. Rf6 Kg7 47. Rf7+
Kg8 48. Ra7 Rxe6+ 49. Kf3 Rb6 50. Rxa5 Rb3+ 51. Kg2 Rb2+ 52. Kh3 Rf2 53. Ra1 Kg7
54. Rg1 Rb2 55. Rg2 Rb5 56. Re2 Kf6 57. Kg2 Ra5 58. Kf3 1/2-1/2

[Event "28th Czech Open A 2017"]
[Site "Pardubice CZE"]
[Date "2017.07.26"]
[Round "6.18"]
[White "Ghosh, Diptayan"]
[Black "Potapov, Alexander1"]
[Result "1-0"]
[WhiteTitle "GM"]
[BlackTitle "GM"]
[WhiteElo "2569"]
[BlackElo "2402"]
[WhiteFideId "5045207"]
[BlackFideId "4115074"]
[EventDate "2017.07.21"]

1. Nf3 g6 2. d4 Bg7 3. g3 f5 4. Bg2 Nf6 5. O-O O-O 6. b3 Nc6 7. Bb2 Ne4 8. c4 e6
9. Nc3 d5 10. e3 a5 11. Rc1 g5 12. Ne1 Ne7 13. Nd3 Ng6 14. Ne2 g4 15. Nef4 Nxf4
16. Nxf4 c6 17. h3 gxh3 18. Bxh3 Qg5 19. Bg2 Rf7 20. Bf3 Bf8 21. Kg2 Bd6 22. Rh1
Bd7 23. Rh5 Qg7 24. Qc2 Kf8 25. Rch1 Nf6 26. R5h4 Ke7 27. Qc1 b5 28. Nd3 Ng4 29.
cxb5 cxb5 30. Ne5 Rc8 31. Qd2 Bb4 32. Qd3 Nxe5 33. dxe5 Qg8 34. a3 Bc5 35. b4
axb4 36. axb4 Bb6 37. Bd4 Bxd4 38. Qxd4 Kf8 39. Rh6 Qg7 40. Rf6 Kg8 41. Be2 Rcf8
42. Rxf7 Qxf7 43. Rc1 Rb8 44. Rc7 Qe8 45. Qc5 Rd8 46. Kg1 Rb8 47. Qd6 Rd8 48.
Ra7 Bc6 49. Qc7 Qd7 50. Qb6 Qe8 51. Bh5 Rb8 52. Qc7 1-0

[Event "28th Czech Open A 2017"]
[Site "Pardubice CZE"]
[Date "2017.07.26"]
[Round "6.19"]
[White "Vokac, Marek"]
[Black "Maslak, Konstantin"]
[Result "1/2-1/2"]
[WhiteTitle "GM"]
[BlackTitle "GM"]
[WhiteElo "2412"]
[BlackElo "2566"]
[WhiteFideId "300101"]
[BlackFideId "4130901"]
[EventDate "2017.07.21"]

1. Nf3 c5 2. c4 g6 3. Nc3 Bg7 4. g3 Nc6 5. Bg2 d6 6. O-O Nh6 7. d4 cxd4 8. Nxd4
Nxd4 9. Bxh6 Nxe2+ 10. Qxe2 Bxh6 11. Rfe1 Bg7 12. c5 O-O 13. Rad1 1/2-1/2

[Event "28th Czech Open A 2017"]
[Site "Pardubice CZE"]
[Date "2017.07.26"]
[Round "6.20"]
[White "Brkic, Ante"]
[Black "Bukal, Vladimir Jr."]
[Result "1-0"]
[WhiteTitle "GM"]
[BlackTitle "IM"]
[WhiteElo "2565"]
[BlackElo "2398"]
[WhiteFideId "14506688"]
[BlackFideId "14502941"]
[EventDate "2017.07.21"]

1. e4 e6 2. d4 d5 3. Nc3 Nf6 4. e5 Nfd7 5. f4 c5 6. Nf3 Nc6 7. Be3 Qb6 8. Na4
Qa5+ 9. c3 cxd4 10. b4 Qd8 11. Nxd4 Nxd4 12. Bxd4 Nb8 13. Bd3 Nc6 14. Bf2 g6 15.
O-O Bh6 16. Qg4 b6 17. Bh4 Qd7 18. Bf6 O-O 19. Rf3 Nxb4 20. Rh3 Bg7 21. Qh5 gxh5
22. Rg3 1-0

[Event "28th Czech Open A 2017"]
[Site "Pardubice CZE"]
[Date "2017.07.26"]
[Round "6.21"]
[White "Grekh, Andrey"]
[Black "Lintchevski, Daniil"]
[Result "0-1"]
[WhiteTitle "IM"]
[BlackTitle "GM"]
[WhiteElo "2395"]
[BlackElo "2562"]
[WhiteFideId "14112418"]
[BlackFideId "4171055"]
[EventDate "2017.07.21"]

1. e4 c5 2. Nf3 Nc6 3. d4 cxd4 4. Nxd4 Nf6 5. Nc3 d6 6. Be2 e6 7. O-O Be7 8. Be3
O-O 9. f4 e5 10. Nb3 exf4 11. Bxf4 Be6 12. Kh1 a6 13. Nd4 Ne5 14. Nxe6 fxe6 15.
Qd4 Nfd7 16. Bc4 Nxc4 17. Qxc4 Rf6 18. Rad1 Rc8 19. Qd3 Qc7 20. Rf3 Qc6 21. Bg3
b5 22. a3 Nb6 23. Rdf1 Rxf3 24. Rxf3 Bf6 25. Qxd6 Qxd6 26. Bxd6 Nc4 27. e5 Nxe5
28. Bxe5 Bxe5 29. Kg1 Bxc3 30. bxc3 Rc4 31. Kf2 Ra4 32. Ke3 Rxa3 33. Kd4 Ra1 34.
Kc5 Ra4 35. Kb6 e5 36. Rf2 e4 37. Re2 Kf7 38. c4 Rxc4 39. Kxa6 Rc5 40. Ka5 Kf6
41. Kb4 Rc7 42. Rxe4 Rxc2 43. Rg4 h5 44. Rg3 g5 45. h3 Rf2 46. Kxb5 Kf5 47. Kc5
Kf4 48. Ra3 Rxg2 49. Kd5 Rd2+ 50. Ke6 Re2+ 51. Kf6 g4 52. Kg6 g3 53. Ra4+ Kf3 0-1

[Event "28th Czech Open A 2017"]
[Site "Pardubice CZE"]
[Date "2017.07.26"]
[Round "6.22"]
[White "Rydl, Jiri"]
[Black "Dvoirys, Semen I."]
[Result "1/2-1/2"]
[WhiteTitle "FM"]
[BlackTitle "GM"]
[WhiteElo "2395"]
[BlackElo "2552"]
[WhiteFideId "346390"]
[BlackFideId "4100379"]
[EventDate "2017.07.21"]

1. c4 e5 2. g3 Nc6 3. Nc3 g6 4. Bg2 Bg7 5. d3 Nge7 6. e4 Nd4 7. Nge2 Nxe2 8.
Nxe2 O-O 9. O-O d6 10. Be3 Be6 11. Rc1 c5 12. Qd2 Nc6 13. a3 Nd4 14. Rb1 a6 15.
f4 Bg4 1/2-1/2

[Event "28th Czech Open A 2017"]
[Site "Pardubice CZE"]
[Date "2017.07.26"]
[Round "6.23"]
[White "Tomazini, Aljosa"]
[Black "Hauchard, Arnaud"]
[Result "1/2-1/2"]
[WhiteTitle "FM"]
[BlackTitle "GM"]
[WhiteElo "2387"]
[BlackElo "2550"]
[WhiteFideId "14608154"]
[BlackFideId "600113"]
[EventDate "2017.07.21"]

1. d4 g6 2. e4 Bg7 3. Nc3 d5 4. exd5 Nf6 5. Bb5+ Nbd7 6. Nf3 O-O 7. O-O Nb6 8.
h3 Nbxd5 9. Nxd5 Qxd5 10. Be2 Bf5 11. c4 Qd6 12. Be3 Rad8 13. Qa4 a6 14. Rac1 c6
15. Qa5 Qb8 16. a4 Ne4 17. Rfd1 b6 18. Qb4 c5 19. Qa3 a5 20. d5 Rfe8 21. Nd2 Qe5
22. Nxe4 Bxe4 23. Bd3 Bxd3 24. Rxd3 Rd6 25. Rcd1 e6 26. dxe6 Rdxe6 27. b3 h5 28.
Qc1 Bf6 29. Rd5 Qe4 30. Qb1 Qh4 31. Qd3 Kg7 32. Qd2 Re5 33. Rxe5 Bxe5 34. Bh6+
Kh7 35. Bg5 Qe4 36. Qd3 Qxd3 37. Rxd3 Bd4 38. Kf1 Re6 39. Bd2 Kg7 40. Bc3 Bxc3
41. Rxc3 1/2-1/2

[Event "28th Czech Open A 2017"]
[Site "Pardubice CZE"]
[Date "2017.07.26"]
[Round "6.24"]
[White "Sindarov, Javokhir"]
[Black "Paravyan, David"]
[Result "0-1"]
[WhiteTitle "CM"]
[BlackTitle "IM"]
[WhiteElo "2383"]
[BlackElo "2531"]
[WhiteFideId "14205483"]
[BlackFideId "4194985"]
[EventDate "2017.07.21"]

1. e4 c5 2. Nc3 e6 3. Nge2 Nf6 4. g3 b5 5. Nxb5 Nxe4 6. Bg2 Bb7 7. O-O Qb6 8.
Na3 Nf6 9. Nc4 Qa6 10. Bxb7 Qxb7 11. d4 d5 12. Na5 Qa6 13. Nb3 cxd4 14. Nexd4
Bd6 15. a4 O-O 16. Nb5 Rc8 17. c3 Be7 18. Re1 Nbd7 19. Be3 Nb6 20. N3d4 Qb7 21.
Bg5 Qd7 22. b3 Qd8 23. a5 Nbd7 24. a6 Nc5 25. c4 Nce4 26. Bf4 Bb4 27. Re3 dxc4
28. bxc4 Rxc4 29. Qe2 Rxd4 30. Nxd4 Qxd4 31. Rd1 Nd2 32. Rb3 Nxb3 33. Rxd4 Nxd4
34. Qc4 Bc3 35. Kg2 Nd5 36. Be3 Nf5 37. Bxa7 h5 38. Bc5 Bb4 39. Bxb4 Nfe3+ 0-1

[Event "28th Czech Open A 2017"]
[Site "Pardubice CZE"]
[Date "2017.07.26"]
[Round "6.25"]
[White "Raja, Harshit"]
[Black "Cvek, Robert"]
[Result "1/2-1/2"]
[BlackTitle "GM"]
[WhiteElo "2377"]
[BlackElo "2516"]
[WhiteFideId "5089000"]
[BlackFideId "307424"]
[EventDate "2017.07.21"]

1. e4 e6 2. d4 d5 3. Nd2 a6 4. Bd3 c5 5. dxc5 Nf6 6. Qe2 Nc6 7. Ngf3 Bxc5 8. O-O
Qc7 9. c3 h6 10. e5 Nd7 11. Nb3 Bf8 12. Bf4 g5 13. Bg3 g4 14. Nfd4 Ncxe5 15.
Qxg4 Nxg4 16. Bxc7 Bg7 17. f4 Ne3 18. Rfe1 Nc4 19. f5 Nxb2 20. Bf1 e5 21. Nc2 b6
22. Ne3 Bb7 23. Rab1 Na4 24. Na5 Rc8 25. Bxe5 Bxe5 26. Nxb7 Nxc3 27. Nxd5 Nxd5
28. Rbd1 N5f6 29. Nd6+ Ke7 30. Nxc8+ Rxc8 31. Bxa6 Rc5 32. a4 1/2-1/2

[Event "28th Czech Open A 2017"]
[Site "Pardubice CZE"]
[Date "2017.07.26"]
[Round "6.26"]
[White "Plischki, Sebastian"]
[Black "Vetoshko, Volodymyr"]
[Result "1/2-1/2"]
[WhiteTitle "IM"]
[BlackTitle "GM"]
[WhiteElo "2376"]
[BlackElo "2505"]
[WhiteFideId "4637143"]
[BlackFideId "14122480"]
[EventDate "2017.07.21"]

1. d4 Nf6 2. c4 e6 3. Nf3 c5 4. d5 b5 5. Bf4 bxc4 6. Nc3 Bb7 7. e4 exd5 8. exd5
d6 9. Bxc4 Be7 10. O-O O-O 11. Re1 Nbd7 12. h3 Nb6 13. b3 Ne8 14. Qd3 Bf6 15.
Rad1 Bxc3 16. Qxc3 Nc7 17. Qd3 Ncxd5 18. Bxd5 Nxd5 19. Ng5 g6 20. Qg3 Re8 21.
Bxd6 Rxe1+ 22. Rxe1 Qa5 23. Rc1 Qd2 24. Rxc5 Re8 25. Kh2 f6 26. Nf3 Qxa2 27. Qg4
Qe2 28. Bg3 Qe6 29. Qa4 a6 30. Rc1 Qf7 31. Nd2 Rc8 32. Rxc8+ Bxc8 33. Ne4 Kg7
34. Qd4 Bb7 35. Nd6 Qd7 36. Qa7 Bc6 37. Qxa6 h5 38. Qc4 Nc7 39. Ne4 Ne6 40. f3
Bd5 41. Qb4 Qa7 42. Nc3 Ba8 43. Bb8 Qd7 44. Qd6 Qxd6+ 45. Bxd6 Kf7 46. b4 Nd4
47. b5 Ke6 48. Bc5 Nb3 49. Be3 Na5 50. Kg3 Nc4 51. Bd4 g5 52. Kf2 f5 53. Ke2 g4
54. h4 f4 55. b6 Nd6 56. fxg4 hxg4 57. Kf1 Nf5 58. Nb5 Bc6 59. Kg1 Nxh4 60. Bf2
g3 61. Nd4+ Kd5 62. Nxc6 gxf2+ 63. Kxf2 Kxc6 64. g3 fxg3+ 65. Kxg3 Kxb6 1/2-1/2

[Event "28th Czech Open A 2017"]
[Site "Pardubice CZE"]
[Date "2017.07.26"]
[Round "6.27"]
[White "Sychev, Klementy"]
[Black "Khaetsky, Roman"]
[Result "1-0"]
[WhiteTitle "IM"]
[BlackTitle "IM"]
[WhiteElo "2494"]
[BlackElo "2373"]
[WhiteFideId "4114060"]
[BlackFideId "14106221"]
[EventDate "2017.07.21"]

1. e4 Nf6 2. e5 Nd5 3. d4 d6 4. c4 Nb6 5. exd6 exd6 6. Nc3 Be7 7. Bd3 O-O 8.
Nge2 Nc6 9. b3 Bf6 10. Be3 Re8 11. O-O a5 12. a3 a4 13. b4 d5 14. c5 Nc4 15. Qc1
Nxe3 16. fxe3 Bg4 17. Bb5 Bxe2 18. Nxe2 Qe7 19. Rf3 Bg5 20. Kf2 Qe4 21. g3 Re6
22. h4 Rf6 23. Rxf6 Bxf6 24. Qd2 g5 25. hxg5 Bxg5 26. Nf4 Bxf4 27. gxf4 Ne7 28.
Bd3 Qe6 29. Rh1 f5 30. Qd1 Qf7 31. Qh5 Qxh5 32. Rxh5 Rf8 33. Bb5 c6 34. Bxa4 Ra8
35. Bc2 Rxa3 36. Bxf5 Nxf5 37. Rxf5 Rb3 38. Rf6 Rxb4 39. Kf3 Kg7 40. Rd6 Rb1 41.
Kg4 Rg1+ 42. Kf5 h5 43. Rd7+ Kh6 44. Rxb7 h4 45. Rb8 Kg7 46. Rb2 h3 47. Rh2 Rg3
48. Ke6 Rg6+ 49. Ke7 Rh6 50. f5 Rh7 51. f6+ Kg6+ 52. Ke6 Rh4 53. f7 Kg7 54. Ke7
Re4+ 55. Kd7 Rxe3 56. Rf2 Kf8 57. Kxc6 Re7 58. Kxd5 Rxf7 59. Rh2 Rh7 60. Kc6
Rh6+ 61. Kc7 Rh7+ 62. Kc8 Ke7 63. d5 Rh5 64. d6+ Ke6 65. Re2+ Re5 66. d7 Rxe2
67. d8=Q h2 68. Qd1 Rc2 69. Qd6+ Kf5 70. Qd5+ Kg4 71. c6 Kg3 72. c7 Rg2 73. Qg5+
Kf2 74. Qh4+ Kf1 75. Kd7 Rg7+ 76. Kd6 Rxc7 77. Qxh2 Rc3 78. Kd5 Re3 79. Kd4 Re2
80. Qh3+ Ke1 81. Kc3 Kf2 82. Kd3 Re1 83. Qh4+ Kf1 84. Qf4+ Kg2 85. Qd2+ Kf1 86.
Qh2 Re8 87. Qh5 Rf8 88. Ke3 Kg2 89. Qg6+ Kf1 90. Qh6 1-0

[Event "28th Czech Open A 2017"]
[Site "Pardubice CZE"]
[Date "2017.07.26"]
[Round "6.28"]
[White "Popov, Mikhail"]
[Black "Kantor, Gergely"]
[Result "1/2-1/2"]
[WhiteTitle "FM"]
[BlackTitle "IM"]
[WhiteElo "2374"]
[BlackElo "2481"]
[WhiteFideId "4146182"]
[BlackFideId "751499"]
[EventDate "2017.07.21"]

1. Nf3 d5 2. d4 Nf6 3. c4 e6 4. Nc3 c6 5. Bg5 h6 6. Bh4 dxc4 7. e4 g5 8. Bg3 b5
9. Be2 Bb7 10. O-O Nbd7 11. Ne5 h5 1/2-1/2

[Event "28th Czech Open A 2017"]
[Site "Pardubice CZE"]
[Date "2017.07.26"]
[Round "6.29"]
[White "Yagupov, Igor"]
[Black "Kislinsky, Alexey"]
[Result "1/2-1/2"]
[WhiteTitle "GM"]
[BlackTitle "GM"]
[WhiteElo "2372"]
[BlackElo "2479"]
[WhiteFideId "4113632"]
[BlackFideId "14108801"]
[EventDate "2017.07.21"]

1. e4 c5 2. Nf3 Nc6 3. d4 cxd4 4. Nxd4 Nf6 5. Nc3 d6 6. Bg5 a6 7. Qd2 Nxd4 8.
Qxd4 Qa5 9. f4 e5 10. Qd2 Be7 11. O-O-O Be6 12. a3 h6 13. Bxf6 Bxf6 14. Nd5 1/2-1/2

[Event "28th Czech Open A 2017"]
[Site "Pardubice CZE"]
[Date "2017.07.26"]
[Round "6.30"]
[White "Nguyen, Thai Dai Van"]
[Black "Pulpan, Jakub"]
[Result "1/2-1/2"]
[WhiteTitle "IM"]
[BlackTitle "FM"]
[WhiteElo "2473"]
[BlackElo "2368"]
[WhiteFideId "358878"]
[BlackFideId "302759"]
[EventDate "2017.07.21"]

1. e4 c5 2. Nf3 d6 3. d4 cxd4 4. Nxd4 Nf6 5. Nc3 a6 6. Be2 e5 7. Nb3 Be7 8. O-O
O-O 9. Qd3 Be6 10. Bd2 Nbd7 11. Nd5 Bxd5 12. exd5 Nc5 13. Nxc5 dxc5 14. c4 Bd6
15. Bc3 Re8 16. Rae1 e4 17. Qe3 b5 18. b3 b4 19. Bb2 a5 20. a3 h6 21. axb4 axb4
22. Ra1 Qe7 23. g3 Nd7 24. Bg4 Rxa1 25. Rxa1 Be5 26. Bxe5 Qxe5 27. Ra7 Nf6 28.
Bd7 Rd8 29. Bc6 Qh5 30. h4 g5 31. Ra1 Kg7 32. Qxc5 gxh4 33. Qe3 hxg3 34. Qxg3+
Kh7 35. Ra8 Rxa8 36. Bxa8 Qd1+ 37. Kg2 Nh5 38. Qe3 Qg4+ 39. Kf1 Qd1+ 40. Kg2 f5
41. Bc6 Qg4+ 42. Kf1 Qd1+ 1/2-1/2